000 00508nam a2200181Ia 4500
005 20250508164956.0
008 008 250505s9999 xx 000 0 eng d
020 _a0970-1575
037 _aPeriodicals
040 _aFEDL
_beng
_cFEDL
041 _aeng
_2eng
084 _qFEDL
245 0 _aMERI- journal of education
245 0 _cMANAGEMENT EDUCATION AND RESEARCH INSTITUTE
260 _aNew Delhi, India
_bManagement Education and Research Institute
942 _cCR
999 _c1392432
_d1392432